| 000 | 00349nam a22001337a 4500 | ||
|---|---|---|---|
| 008 | 250414b |||||||| |||| 00| 0 eng d | ||
| 020 | _a0745001335 | ||
| 050 |
_aHD6331 _b.K38 |
||
| 100 | _aKATSOULACOS, Y. | ||
| 245 | _aThe Employment Effect of Technical Change | ||
| 260 |
_aGreat Britain _bHoniton Devon _c1986 |
||
| 300 | _axiv, 162p. | ||
| 942 | _cBK | ||
| 999 |
_c2983 _d2983 |
||